Les Matchs Oubliés de WrestleMania - Statistiques

Statistiques générales
  • Ce quiz a été pris 23 fois
  • Le résultat moyen est 16 sur 41
Statistiques - réponses
WrestleMania Catcheur Adversaire Indice % Correct
40 Jey Uso Jimmy Uso Jonathan Fatu
91%
39 Brock Lesnar Omos Tolulope de son prénom
73%
37 Apollo Crews Big E Ettore Ewen
68%
28 Kane Randy Orton Fils de Bob
68%
30 John Cena Bray Wyatt 1987 - 2023 (RIP)
64%
26 Bret Hart Mr. McMahon Le Patron
64%
27 Michael Cole Jerry Lawler Le Roi
59%
19 Matt Hardy Rey Mysterio Dom Dom
59%
21 Akebono Big Show The Giant
55%
33 Brock Lesnar Goldberg William de son vrai prénom
55%
41 El Grande Americano Rey Fenix WrestleMania Debut
55%
31 John Cena Rusev Il a fait son retour en 2025 après 5 ailleurs
55%
32 The Rock Erick Rowan Ce match a vraiment eu lieu ?
50%
25 Rey Mysterio JBL APA
50%
29 Mark Henry Ryback Skip Sheffield
50%
35 Finn Balor Bobby Lashley 15 victoires en 17 combats de MMA
45%
12 The Ultimate Warrior Hunter Hearst Helmsley (HHH) Jeu
45%
38 Mr. McMahon Pat McAfee Indianapolis Colts
45%
9 Razor Ramon Bob Backlund Champion de la WWWF qu'il a détenu pendant 2135 jours
41%
24 Batista Umaga Jamal
41%
34 Nia Jax Alexa Bliss Bonheur
36%
11 Lawrence Taylor Bam Bam Bigelow Des flammes de partout
36%
36 Elias King Corbin Thomas Pestock, le roi
36%
18 Diamond Dallas Page Christian Il formait un super duo avec Sexton Hardcastle
32%
6 Rick Rude Jimmy Snuka Hall Of Famer 1996 puis déclassé
27%
3 Butch Reed Koko B. Ware Hall Of Famer 2009 (avec son perroquet)
27%
20 Victoria Molly Holly Mighty
27%
8 Tatanka Rick Martel Richard Vigneault de son vrai nom
27%
7 Earthquake Greg Valentine Marteau
23%
4 The Ultimate Warrior Hercules Demi dieu
23%
10 Alundra Blayze Leilani Kai On la connait également sous le nom de Patty Stone Grinder à la WCW
23%
23 Melina Ashley Massaro Playboy
18%
22 Torrie Wilson Candice Michelle Elle a arrêtée sa carrière en 2017 et pourtant elle a gagné le 24/7 Championship en 2019
18%
13 Rocky Maivia The Sultan Un ancien nom du papa des Usos
18%
14 Taka Michinoku Aguila 1 fois Light Heavyweight Champion + il est mexicain
14%
2 Jake Roberts George Wells Master G
14%
17 Chyna Ivory Hall of Famer 2018
14%
1 King Kong Bundy Special Delivery Jones Hall Of Famer 2019
14%
16 Terri Runnels The Kat L'ancienne femme de Jerry Lawler
14%
5 Dino Bravo Ronnie Garvin Roger Barnes de son vrai nom
9%
15 Sable Tori The Black Ninja
9%
Aucun quiz correspondant
Distribution des résultats
% des personnes avec chaque résultat
Percentile par nombre de réponses
Votre historique - résultats
Vous n’avez pas pris ce quiz